| 000 | 00434 a2200145 4500 | ||
|---|---|---|---|
| 999 |
_c1961 _d1961 |
||
| 020 | _a9781482802641 | ||
| 050 | _aHD 57.7 MUT 2014 | ||
| 100 | _aMutizwa,Joe | ||
| 245 |
_aThe arc of awareness: _bbroadening the gaze and widening the heart of leadership/ _cJoe Mutizwa |
||
| 264 |
_aSouth Africa: _bPartridge, _c2014 |
||
| 300 |
_a223p.: _bill. |
||
| 500 | _aincludes index | ||
| 650 | _aArc of awareness | ||
| 942 |
_2lcc _cBK _h57.7 _iMUT _kHD |
||